000 00516nam a2200193 a 4500
001 1770282761644
003 YourLibrary
005 20260205144421.0
008 260205s2008##################000#0#eng##
020 _a9780071583046
082 0 4 _a306
_bHAY
100 1 _aHayman, Suzie,
_eauthor.
245 1 0 _aTeach Yourself Single Parenting :
260 _bMcGraw-Hill Education,
_c2008.
300 _a228 pages
650 0 _aFamily & Relationships.
942 _cENGLISH
040 _aYourLibrary
_beng
_cYourLibrary
999 _c610298
_d610298